Hodnotové zakotvenie slovenského občianského práva

Kritický pohľad na vývoj súkromného práva v právnofilozofickom kontexte s dôrazom na vývoj od roku 1948 a na problémy transformácie občianského práva po roku 1989 v súvislosti s prípravou nového slovenského Občianského zákonníka.

Salvato in:
Dettagli Bibliografici
Autore principale: Švidroň, Ján
Natura: Capitolo di libro
Lingua:slovacco
Soggetti:
Tags: Aggiungi Tag
Nessun Tag, puoi essere il primo ad aggiungerne!!

MARC

LEADER 00000naa$a2200000$$$4500
001 0056134
005 20231102091930.6
041 0 |a slo 
044 |a SK 
245 1 0 |a Hodnotové zakotvenie slovenského občianského práva  |c Ján Švidroň 
520 |a Kritický pohľad na vývoj súkromného práva v právnofilozofickom kontexte s dôrazom na vývoj od roku 1948 a na problémy transformácie občianského práva po roku 1989 v súvislosti s prípravou nového slovenského Občianského zákonníka. 
610 2 0 |a právo občianske 
610 2 0 |a Slovensko 
610 2 0 |a história 
610 2 0 |a zákonník občiansky 
100 1 |a Švidroň, Ján